=LDR 00000nam 2200000 4500 =001 INLIS000000000043798 =005 20131008103808 =008 ***********************************ind** =035 ##$$0010-101300000001720 =041 ##$$a ind =082 ##$$a 912 =090 ##$$a R 912, Har a =100 ##$$a Harsono, Saksono =245 ##$$a Atlas Buana, Saksono Harsono, Djenen, Mulyadi C Harjono =260 ##$$a 1982 $b Jakarta =300 ##$$a x, 89 hlm, ilus, 28 cm =650 ##$$a Atlas Dunia =700 ##$$a Jenen , Harjono, Mulyadi =850 ##$$a NBPNMAT